000 00918nam a2200253 a 4500
001 25361
003 CO-ViMGA
005 20230915232054.0
008 141112s2004 ck r 000 u spa d
020 _a9788473567756
040 _aCO-ViMGA
_bspa
_cCO-ViMGA
041 _aspa
082 0 4 _a658.8 M85e
100 1 _aMunuera Alemán, José Luis.
_938662
245 1 0 _aEstrategias de marketing :
_bun enfoque basado en el proceso de dirección /
_cJosé Luis Munuera Alemán, Ana Isabel Rodríguez Escudero.
260 _aMadrid :
_bESIC Editorial,
_c2007.
300 _a714 p. : il. ; 24 cm.
504 _aIncluye bibliografía.
650 1 4 _aMercadeo.
_9559
700 1 _aRodríguez Escudero, Ana Isabel.
_938663
942 _2ddc
_cBK
949 _an n
999 _c32968
_d32968